000 01086nam a2200277 i 4500
001 185207
003 SpMaBN
005 20250718023932.0
008 160408s2003 sp cfo |||| |bspa d
080 _a929 Monroe, Marilyn
100 1 _aGasca, Luis.
_955835
245 1 0 _aMarilyn Monroe
_b: la diosa del sexo /
_cLuis Gasca ; prólogo de José Luis Garci.
250 _aEd. especial para este periódico.
260 _a[Barcelona] :
_bFolio,
_c[2003]
300 _a224 p., [30] p. de lám. :
_bil., fot. ;
_c21 cm.
490 1 _aBiblioteca ABC. Protagonistas del s. XX ;
_v2. Las biografías que construyeron el siglo
504 _aFilmografía: p. [197]-212.
504 _aBibliografía: p. [213]-224.
600 1 7 _aMonroe, Marilyn.
_9148263
700 1 _aGarci, José Luis.
_953988
710 2 _aDiario ABC.
_91137
830 0 0 _aBiblioteca ABC. Protagonistas del s. XX
_v2. Las biografías que construyeron el siglo
_9192266
852 _aES-MaACL
_jA-13691
_9 192227
_bR.150376
_cDEPO1
_dOlim: N-6691
_x- enc. cart.
942 _2udc
999 _c185207
_d185207